000 00959nam a2200301 i 4500
001 000038150
003 DO-SdBNP
005 20250804103939.0
007 ta
008 240215s200? dr 000 0 spa d
040 _aDO-SdBNP
_bspa
_cBNPHU
_erda
041 _aspa
082 4 _a342.729302
_bR426co
_222
110 1 _aRepública Dominicana
_bSuprema Corte de Justicia
_97906
240 1 0 _aConstitución (2010)
245 1 0 _aConstitución de la República Dominicana 2010
260 _c1999.
264 _aSanto Domingo, República Dominicana:
_bEditora Dalis,
_cfecha no identificada
300 _a94 páginas ;
_c22 cm.
336 _atexto
_btxt
_2rdacontent
337 _asin mediación
_bn
_2rdamedia
338 _avolumen
_bnc
_2rdacarrier
590 _aInventariado, 2024/ DG
651 4 _aRepública Dominicana
_xConstitución
_935348
651 4 _aRepública Dominicana
_xDerecho Constitucional
_99303
910 _aDG
942 _2ddc
_cLBS1
999 _c55954
_d55954